| 000 | 00451nam a2200169Ia 4500 | ||
|---|---|---|---|
| 003 | GCL | ||
| 008 | 140319s9999 xx 000 0 eng d | ||
| 040 |
_aGCL / _cGCL |
||
| 082 | 0 | 4 |
_a404.2 _bH B |
| 100 | 1 | _aHAMERS, JOSIANE | |
| 245 | 1 | 0 |
_aBILINGUALITY AND BILINGUALISM / _cHAMERS, JOSIANE |
| 700 | 1 | _aBLANC, MICHEL H. A. | |
| 260 |
_a[S.N] : _bCAMBRIDGE UNIVERSITY PRESS ، _c1993 |
||
| 300 | _a324 P | ||
| 650 | 0 | 4 | _aBILINGUALISM |
| 942 |
_2ddc _cBK |
||
| 999 |
_c24538 _d24538 |
||